000 00750nam a2200265Ia 4500
001 Para_3577
003 CHAP
008 220125s1927 xx 000 0 und d
010 _a202101
040 _cCHAP
090 _aPA FOLLETO 1176
100 _aPhipps, C. R
_987850
245 _aThe black army cutworm a blueberry pest /
_c C. R. Phipps
260 _aOrono :
_b Agricultual Experiment Station
300 _ap. 202-216
440 _aOrono. Agri. Exp. Sta., Bull.; 340
_9167114
650 _aAgrotis fennica ArĂ¡ndano
_x Plagas
_9167115
901 _aPA FOLLETO 1176
902 _aA
905 _a0000001927 ORO 0000000000 00
910 _a1927
942 _cPARA
942 _cPARA
_d1
999 _c202101
_d202101